01060 2200313 4500001002100000005001500021035002000036007000300056008004100059020002300100040001700123082001500140084001700155090002100172100002700193245013900220250003500359260010300394300006200497650003000559650002200589700002000611700001900631850001200650041000800662504002900670600002900699990001800728INLIS00000000079377220190318011721 a0010-0718000772ta180720s2009 suia g ind d a978--979-15213-4-6 aYOPDYOGbind04223a025.19 a025.19 RIZ s aBTR 025.19 RIZ s0 aRizal R. Surya,d1970-1 aSyaiful Syafri :bpemikiran dan kebijakannya mengembangkan perpustakaan /cRizal R. Surya, Muhammad Arifin; penyunting, Rizal R. Surya aCetakan pertama, Desember 2009 aSumatera Utara :bBadan Perpustakaan, Arsip, dan Dokumentasi (BPAD) Provinsi Sumatera Utara,c2009 avi, 126 halaman :btabel, foto sebagian berwarna ;c21 cm 4aAdministrasi perpustakaan 4aPerpustakaan umum0 aMuhammad Arifin0 aRizal R. Surya aYOPDYOG0 aind aBibliografi: halaman 126 4aSyaiful Syafri,--d1958- a59415-PD/A.18